[Event "IRL-ch"]
[Site "Dublin"]
[Date "2019.08.03"]
[Round "1"]
[White "Mulligan, Scott"]
[Black "Delaney, Killian"]
[Result "1/2-1/2"]
[WhiteElo "1990"]
[BlackElo "2247"]
[PlyCount "43"]
[EventDate "2019.08.03"]
[EventType "swiss"]
[EventRounds "9"]
[EventCountry "IRL"]
[SourceTitle "CBM 191 Extra"]
[Source "ChessBase"]
[SourceDate "2019.09.30"]
[SourceVersion "1"]
[SourceVersionDate "2019.09.30"]
[SourceQuality "1"]

1. e4 c5 2. Nf3 Nf6 3. Nc3 d5 4. exd5 Nxd5 5. Bb5+ Bd7 6. Ne5 Nf6 7. Nxd7 Nbxd7 8. d4 a6 9. Bxd7+ Qxd7 10. dxc5 Qxd1+ 11. Nxd1 e6 12. Be3 Nd5 13. Bd4 0-0-0 14. Nc3 f6 15. Nxd5 Rxd5 16. 0-0-0 Bxc5 17. Bxc5 Rxc5 18. Rd6 e5 19. Rhd1 Re8 20. f3 Rc6 21. Rd7 Rc5 22. R7d6 1/2-1/2

[Event "Vaujany op 10th"]
[Site "Vaujany"]
[Date "2019.07.11"]
[Round "1"]
[White "Konguvel, Ponnuswamy"]
[Black "Mulligan, Scott"]
[Result "1-0"]
[WhiteElo "2343"]
[BlackElo "2009"]
[PlyCount "71"]
[EventDate "2019.07.11"]
[EventType "swiss"]
[EventRounds "9"]
[EventCountry "FRA"]
[SourceTitle "EXT 2020"]
[Source "ChessBase"]
[SourceDate "2019.10.17"]
[SourceVersion "1"]
[SourceVersionDate "2019.10.17"]
[SourceQuality "1"]

1. e4 c6 2. d4 d5 3. Nc3 dxe4 4. Nxe4 Bf5 5. Ng3 Bg6 6. h4 h6 7. Nf3 Nd7 8. h5 Bh7 9. Bd3 Bxd3 10. Qxd3 e6 11. Bd2 Ngf6 12. 0-0-0 Be7 13. Kb1 a5 14. Ne4 Nxe4 15. Qxe4 Nf6 16. Qe2 Qd5 17. Be3 b5 18. Ne5 b4 19. f3 a4 20. g4 a3 21. b3 Qd6 22. Qc4 Nd5 23. Bd2 Rc8 24. f4 Nb6 25. Qd3 Rd8 26. g5 hxg5 27. fxg5 Qxd4 28. Qxd4 Rxd4 29. Nxc6 Rg4 30. g6 f6 31. Rhe1 e5 32. Be3 Nd7 33. Rd5 Re4 34. Red1 Rxe3 35. Rxd7 0-0 36. Nxe7+ 1-0

[Event "Dublin Irish op"]
[Site "Dublin"]
[Date "2019.04.21"]
[Round "7"]
[White "Moran, Darragh"]
[Black "Mulligan, Scott"]
[Result "1/2-1/2"]
[WhiteElo "1844"]
[BlackElo "2006"]
[PlyCount "39"]
[EventDate "2019.04.17"]
[EventType "swiss"]
[EventRounds "9"]
[EventCountry "IRL"]
[SourceTitle "CBM 189 Extra"]
[Source "ChessBase"]
[SourceDate "2019.06.03"]
[SourceVersion "1"]
[SourceVersionDate "2019.06.03"]
[SourceQuality "1"]

1. e4 e6 2. d4 d5 3. Nc3 Bb4 4. Nge2 Nf6 5. a3 Be7 6. Ng3 dxe4 7. Ncxe4 Nbd7 8. Bd3 b6 9. Bf4 Bb7 10. Qe2 Nxe4 11. Bxe4 Bxe4 12. Nxe4 Nf6 13. 0-0-0 Nxe4 14. Qxe4 0-0 15. h4 Bf6 16. g4 Rc8 17. Kb1 Qd5 18. Qxd5 exd5 19. Bg5 Bd8 20. Bxd8 1/2-1/2

[Event "Dublin Irish op"]
[Site "Dublin"]
[Date "2019.04.20"]
[Round "6"]
[White "Mulligan, Scott"]
[Black "Fitzsimons, David"]
[Result "0-1"]
[WhiteElo "2006"]
[BlackElo "2299"]
[PlyCount "74"]
[EventDate "2019.04.17"]
[EventType "swiss"]
[EventRounds "9"]
[EventCountry "IRL"]
[SourceTitle "CBM 189 Extra"]
[Source "ChessBase"]
[SourceDate "2019.06.03"]
[SourceVersion "1"]
[SourceVersionDate "2019.06.03"]
[SourceQuality "1"]

1. e4 g6 2. c4 Bg7 3. d4 Nc6 4. Nf3 d6 5. d5 Ne5 6. Nxe5 Bxe5 7. Qc2 c5 8. Bd2 Bg7 9. Bc3 Nf6 10. Bd3 0-0 11. 0-0 e5 12. dxe6 fxe6 13. e5 Ng4 14. exd6 Qxd6 15. g3 Bh6 16. Bxg6 e5 17. Bxh7+ Kh8 18. Qg6 Qe7 19. h3 Qxh7 20. Qxh7+ Kxh7 21. hxg4 Bxg4 22. f4 exf4 23. gxf4 Bxf4 24. Nd2 Be2 25. Rfe1 Be3+ 26. Kg2 Rf2+ 27. Kh3 Bf4 28. Rh1 Re8 29. Rag1 Kh6 30. Nf1 Re4 31. Ng3 Re3 32. Rh2 Rxh2+ 33. Kxh2 Bxc4 34. a3 Kg5 35. Bd2 Re2+ 36. Rg2 Rxg2+ 37. Kxg2 Bd5+ 0-1

[Event "IRL-chT"]
[Site "Dublin"]
[Date "2019.04.07"]
[Round "4.4"]
[White "Quinn, Rory"]
[Black "Mulligan, Scott"]
[Result "0-1"]
[WhiteElo "2144"]
[BlackElo "2006"]
[PlyCount "138"]
[EventDate "2019.04.05"]
[EventType "team-swiss"]
[EventRounds "5"]
[EventCountry "IRL"]
[SourceTitle "CBM 189 Extra"]
[Source "ChessBase"]
[SourceDate "2019.06.03"]
[SourceVersion "1"]
[SourceVersionDate "2019.06.03"]
[SourceQuality "1"]
[WhiteTeam "Ballinasloe"]
[BlackTeam "UCD"]
[WhiteTeamCountry "IRL"]
[BlackTeamCountry "IRL"]

1. e4 e6 2. d4 d5 3. Nc3 Bb4 4. e5 c5 5. Qg4 Ne7 6. dxc5 Nbc6 7. Bd2 Bxc5 8. Nf3 Nf5 9. Bd3 h5 10. Qf4 Nfd4 11. Nxd4 Bxd4 12. Bb5 Bc5 13. 0-0 Bd7 14. a3 a6 15. Bd3 Qc7 16. Nxd5 exd5 17. e6 Qxf4 18. exd7+ Kxd7 19. Bxf4 Bd6 20. Bf5+ Kc7 21. Bxd6+ Kxd6 22. Rfd1 Rhe8 23. Rd2 Re5 24. Bd3 Rae8 25. Kf1 Kc7 26. Rad1 b5 27. Be2 d4 28. Bf3 Rc5 29. b4 Rc3 30. Bxc6 Kxc6 31. Rxd4 Rxc2 32. Rd6+ Kc7 33. Rd7+ Kc8 34. Rxf7 g5 35. Rf5 g4 36. Rxh5 Ra2 37. Rf5 Rxa3 38. Rg5 Re4 39. Re1 Rxb4 40. Re7 Rb1+ 41. Ke2 Rb2+ 42. Kf1 Ra1+ 43. Re1 Rxe1+ 44. Kxe1 a5 45. Rxg4 a4 46. Kd1 a3 47. Kc1 b4 48. Rc4+ Kd7 49. Rc2 Rb3 50. Kd2 Kd6 51. h4 Kd5 52. h5 Rb1 53. Ra2 Rh1 54. g4 Rh4 55. Ra1 Rxg4 56. Kc2 Rh4 57. Kb3 Kc5 58. Rc1+ Kb5 59. f3 Rh3 60. Rf1 Rxh5 61. f4 Rh3+ 62. Ka2 Rh2+ 63. Ka1 Rh6 64. f5 Rf6 65. Ka2 Ka4 66. Rf4 Rh6 67. Rf1 b3+ 68. Kb1 a2+ 69. Ka1 Ka3 0-1

[Event "IRL-chT"]
[Site "Dublin"]
[Date "2019.04.06"]
[Round "3.4"]
[White "Mulligan, Scott"]
[Black "O'Gorman, Tom"]
[Result "0-1"]
[WhiteElo "2006"]
[BlackElo "2241"]
[PlyCount "72"]
[EventDate "2019.04.05"]
[EventType "team-swiss"]
[EventRounds "5"]
[EventCountry "IRL"]
[SourceTitle "CBM 189 Extra"]
[Source "ChessBase"]
[SourceDate "2019.06.03"]
[SourceVersion "1"]
[SourceVersionDate "2019.06.03"]
[SourceQuality "1"]
[WhiteTeam "UCD"]
[BlackTeam "Dun Laoghaire"]
[WhiteTeamCountry "IRL"]
[BlackTeamCountry "IRL"]

1. e4 c5 2. Nf3 d6 3. d4 cxd4 4. Nxd4 Nf6 5. Nc3 a6 6. Be2 e6 7. Be3 Nbd7 8. 0-0 b5 9. a4 b4 10. Nc6 Qc7 11. Nxb4 d5 12. Nd3 dxe4 13. Nf4 Bd6 14. g3 Bb7 15. Nh5 Nxh5 16. Bxh5 0-0 17. Ne2 Ne5 18. Nd4 Nc4 19. Qe2 g6 20. Bg4 Bd5 21. b3 Nxe3 22. Qxe3 f5 23. c4 e5 24. Nxf5 gxf5 25. Bxf5 Rxf5 26. cxd5 Bc5 27. Qxe4 Raf8 28. Ra2 Qb6 29. Kg2 Qxb3 30. Rc2 Bd4 31. f4 exf4 32. Rd2 Be3 33. Rd3 Qc2+ 34. Kh3 Qe2 35. Rf3 Rh5+ 36. Kg4 Qxh2 0-1

[Event "Dublin Super Cup U19"]
[Site "Dublin"]
[Date "2018.10.20"]
[Round "1.3"]
[White "Mulligan, Scott"]
[Black "Flynn, Jacob"]
[Result "1-0"]
[WhiteElo "1984"]
[BlackElo "1967"]
[PlyCount "113"]
[EventDate "2018.10.20"]
[EventType "tourn"]
[EventRounds "7"]
[EventCountry "IRL"]
[SourceTitle "EXT 2023"]
[Source "ChessBase"]
[SourceDate "2022.10.05"]
[SourceVersion "1"]
[SourceVersionDate "2022.10.05"]
[SourceQuality "1"]

1. e4 c6 2. d4 d5 3. Nc3 dxe4 4. Nxe4 Bf5 5. Ng3 Bg6 6. Bc4 Nd7 7. N1e2 e5 8. 0-0 Be7 9. f4 exf4 10. Nxf4 Ngf6 11. Bb3 0-0 12. Nxg6 hxg6 13. Qd3 Qb6 14. Kh1 Rad8 15. c3 Nd5 16. Bd2 Qc7 17. Ne2 N7f6 18. Nf4 Bd6 19. g3 Nxf4 20. Bxf4 Nd5 21. Bg5 Be7 22. Bxe7 Qxe7 23. Rae1 Qd7 24. Re5 Rde8 25. Rfe1 Rxe5 26. Rxe5 Re8 27. Qe4 Rxe5 28. Qxe5 a6 29. Kg2 Nf6 30. h3 Qf5 31. Qxf5 gxf5 32. Kf3 Kf8 33. Bc2 g6 34. g4 fxg4+ 35. hxg4 Ke7 36. c4 a5 37. a3 b6 38. g5 Nd7 39. Ba4 Nf8 40. Bxc6 Ne6 41. d5 Nxg5+ 42. Kf4 f6 43. b4 axb4 44. axb4 Nf7 45. c5 bxc5 46. bxc5 Ne5 47. Bb5 Nf7 48. Be2 Ne5 49. Ke4 Nf7 50. Kd4 f5 51. Bb5 g5 52. Bd3 f4 53. Ke4 Nd6+ 54. cxd6+ Kxd6 55. Be2 Kd7 56. Bf3 Kd6 57. Kf5 1-0

[Event "Bunratty Masters op 25th"]
[Site "Bunratty"]
[Date "2018.02.24"]
[Round "4"]
[White "Mulligan, Scott"]
[Black "Pein, Jonathan"]
[Result "1/2-1/2"]
[WhiteElo "1984"]
[BlackElo "2177"]
[PlyCount "42"]
[EventDate "2018.02.23"]
[EventType "swiss"]
[EventRounds "6"]
[EventCountry "IRL"]
[SourceTitle "CBM 183 Extra"]
[Source "ChessBase"]
[SourceDate "2018.04.19"]
[SourceVersion "1"]
[SourceVersionDate "2018.04.19"]
[SourceQuality "1"]

1. e4 d5 2. exd5 Qxd5 3. Nf3 Bg4 4. Be2 Nc6 5. d4 0-0-0 6. c4 Qf5 7. Be3 Bxf3 8. Bxf3 Nxd4 9. Bxd4 Qe6+ 10. Be2 Qe4 11. Nc3 Qxd4 12. Qxd4 Rxd4 13. Nb5 Rd8 14. Nxa7+ Kb8 15. Nb5 e6 16. 0-0 Nf6 17. Rfd1 Bc5 18. Bf3 Kc8 19. Kf1 Nd7 20. b4 Be7 21. c5 c6 1/2-1/2

[Event "Glorney Cup"]
[Site "Cardiff"]
[Date "2017.07.24"]
[Round "2.1"]
[White "Mulligan, Scott"]
[Black "Kieffer, Anatole"]
[Result "0-1"]
[WhiteElo "1986"]
[BlackElo "2199"]
[PlyCount "86"]
[EventDate "2017.07.24"]
[EventType "team-tourn"]
[EventRounds "5"]
[EventCountry "WLS"]
[SourceTitle "CBM 179 Extra"]
[Source "ChessBase"]
[SourceDate "2017.08.23"]
[SourceVersion "1"]
[SourceVersionDate "2017.08.23"]
[SourceQuality "1"]
[WhiteTeam "Ireland"]
[BlackTeam "France"]
[WhiteTeamCountry "IRL"]
[BlackTeamCountry "FRA"]

1. e4 d5 2. exd5 Qxd5 3. Nf3 Bg4 4. Be2 Nf6 5. d4 Nc6 6. Be3 0-0-0 7. 0-0 h5 8. a3 Qf5 9. c4 e5 10. d5 Bxf3 11. Bxf3 e4 12. Be2 Ng4 13. Qa4 Qe5 14. g3 Nxe3 15. fxe3 Bc5 16. dxc6 Bxe3+ 17. Kh1 h4 18. g4 Qxb2 19. Qb5 Qxb5 20. cxb5 f6 21. Nc3 Rd2 22. g5 fxg5 23. Bg4+ Kb8 24. Rad1 Rb2 25. Nd5 Bc5 26. Rb1 Ra2 27. Ra1 Rb2 28. Rab1 Ra2 29. Nc3 Rxa3 30. Nxe4 Be3 31. h3 Bf4 32. Rb2 b6 33. Re1 Rd8 34. Rbe2 a6 35. Nf2 axb5 36. Re8 Rxe8 37. Rxe8+ Ka7 38. Bc8 b4 39. Ne4 b5 40. Bb7 Ra1+ 41. Kg2 Ra2+ 42. Kf3 Kb6 43. Rb8 b3 0-1

[Event "Bunratty Masters op 24th"]
[Site "Bunratty"]
[Date "2017.02.19"]
[Round "5"]
[White "Keogh, Eamon"]
[Black "Mulligan, Scott"]
[Result "1/2-1/2"]
[WhiteElo "1902"]
[BlackElo "2065"]
[PlyCount "61"]
[EventDate "2017.02.17"]
[EventType "swiss"]
[EventRounds "6"]
[EventCountry "IRL"]
[SourceTitle "EXT 2018"]
[Source "ChessBase"]
[SourceDate "2017.10.13"]
[SourceVersion "1"]
[SourceVersionDate "2017.10.13"]
[SourceQuality "1"]

1. f4 e5 2. d3 Nc6 3. Nf3 d6 4. e4 Nf6 5. Be2 Be7 6. 0-0 Bg4 7. c3 Qd7 8. b4 a6 9. a4 h6 10. Na3 exf4 11. Bxf4 g5 12. Be3 Bxf3 13. gxf3 Nh5 14. b5 Ne5 15. bxa6 bxa6 16. f4 Nxf4 17. d4 Qh3 18. Bxf4 gxf4 19. Kh1 Rg8 20. Rf2 f3 21. Bxf3 Ng4 22. Bxg4 Rxg4 23. Qb3 Rg7 24. Qd5 Rb8 25. Qc6+ Kd8 26. e5 Rb6 27. Qa8+ Qc8 28. Qxc8+ Kxc8 29. exd6 Bxd6 30. Nc4 Rc6 31. Nxd6+ 1/2-1/2

[Event "Bunratty Masters op 24th"]
[Site "Bunratty"]
[Date "2017.02.19"]
[Round "6"]
[White "Mulligan, Scott"]
[Black "Moran, Stephen"]
[Result "1/2-1/2"]
[WhiteElo "2065"]
[BlackElo "2119"]
[PlyCount "25"]
[EventDate "2017.02.17"]
[EventType "swiss"]
[EventRounds "6"]
[EventCountry "IRL"]
[SourceTitle "EXT 2018"]
[Source "ChessBase"]
[SourceDate "2017.10.13"]
[SourceVersion "1"]
[SourceVersionDate "2017.10.13"]
[SourceQuality "1"]

1. e4 e6 2. d4 d5 3. exd5 exd5 4. c3 Nc6 5. Bd3 Bd6 6. Qf3 Be6 7. Ne2 Qd7 8. h3 0-0-0 9. Bf4 Nge7 10. Nd2 Bf5 11. Bxd6 Bxd3 12. Qxd3 Qxd6 13. 0-0 1/2-1/2

[Event "Bunratty Masters op 24th"]
[Site "Bunratty"]
[Date "2017.02.18"]
[Round "3"]
[White "Melaugh, Gavin"]
[Black "Mulligan, Scott"]
[Result "0-1"]
[WhiteElo "1936"]
[BlackElo "2065"]
[PlyCount "76"]
[EventDate "2017.02.17"]
[EventType "swiss"]
[EventRounds "6"]
[EventCountry "IRL"]
[SourceTitle "EXT 2018"]
[Source "ChessBase"]
[SourceDate "2017.10.13"]
[SourceVersion "1"]
[SourceVersionDate "2017.10.13"]
[SourceQuality "1"]

1. c4 Nf6 2. Nc3 g6 3. g3 Bg7 4. Bg2 0-0 5. e4 d6 6. Nge2 a6 7. d3 c6 8. a4 a5 9. 0-0 Na6 10. h3 e5 11. Be3 Nb4 12. f4 Bd7 13. g4 Bxg4 14. hxg4 Nxg4 15. Bf2 exf4 16. Nxf4 Nxf2 17. Kxf2 Qh4+ 18. Ke3 Bh6 19. Nce2 f5 20. Rh1 Bxf4+ 21. Nxf4 Qg3+ 22. Qf3 Nc2+ 23. Kd2 Qxf3 24. Bxf3 Nxa1 25. Ne6 Nb3+ 26. Kc3 Rf6 27. Ng5 Nc5 28. Nxh7 Nxa4+ 29. Kc2 Rf7 30. Ng5 Re7 31. exf5 Rf8 32. fxg6 Rf5 33. Rg1 Ree5 34. Ne4 Rxf3 35. Nxd6 Re2+ 36. Kc1 Nxb2 37. Nxb7 Nxd3+ 38. Kd1 Rff2 0-1

[Event "Glorney Cup"]
[Site "Daventry"]
[Date "2016.07.18"]
[Round "4.15"]
[White "Mulligan, Scott"]
[Black "Ashworth, Robert M"]
[Result "1-0"]
[WhiteElo "1940"]
[BlackElo "1560"]
[PlyCount "111"]
[EventDate "2016.07.17"]
[EventType "team-tourn"]
[EventRounds "5"]
[EventCountry "ENG"]
[SourceTitle "CBM 173 Extra"]
[Source "ChessBase"]
[SourceDate "2016.08.29"]
[SourceVersion "1"]
[SourceVersionDate "2016.08.29"]
[SourceQuality "1"]
[WhiteTeam "Ireland"]
[BlackTeam "England II"]
[WhiteTeamCountry "IRL"]
[BlackTeamCountry "ENG"]

1. e4 e5 2. Nf3 Nc6 3. Bc4 Bc5 4. d3 h6 5. 0-0 Nf6 6. h3 d6 7. c3 Be6 8. Nbd2 0-0 9. Re1 Na5 10. Bxe6 fxe6 11. b4 Bxf2+ 12. Kxf2 Nc6 13. Kg1 Qd7 14. Nf1 Rae8 15. Ng3 a6 16. a4 Ne7 17. Ra2 Ng6 18. Rf2 Qc6 19. Qc2 Re7 20. Be3 Ref7 21. c4 Nh7 22. Ref1 Nf4 23. b5 axb5 24. axb5 Qd7 25. Bxf4 Rxf4 26. Nh5 R4f7 27. Nh4 Rxf2 28. Rxf2 Qe8 29. Rxf8+ Kxf8 30. Ng3 Ng5 31. Qf2+ Kg8 32. Nf3 Qg6 33. Nxg5 Qxg5 34. Kh2 h5 35. Nf1 g6 36. Ne3 Kg7 37. g3 Qe7 38. Ng2 g5 39. Qa7 b6 40. Qa2 Qf6 41. Qe2 Kg6 42. h4 g4 43. Ne3 Qf7 44. Nc2 Qf6 45. Qd2 Kf7 46. Kg1 Ke8 47. Ne1 d5 48. Qg5 Qf7 49. exd5 exd5 50. Qxe5+ Kd7 51. Qxd5+ Qxd5 52. cxd5 Kd6 53. Ng2 Kxd5 54. Nf4+ Kc5 55. Nxh5 Kxb5 56. Nf4 1-0

[Event "Bunratty Masters op 23rd"]
[Site "Bunratty"]
[Date "2016.02.21"]
[Round "5"]
[White "Keogh, Eamon"]
[Black "Mulligan, Scott"]
[Result "0-1"]
[WhiteElo "2028"]
[BlackElo "1895"]
[PlyCount "114"]
[EventDate "2016.02.19"]
[EventType "swiss"]
[EventRounds "6"]
[EventCountry "IRL"]
[SourceTitle "EXT 2017"]
[Source "ChessBase"]
[SourceDate "2016.10.25"]
[SourceVersion "1"]
[SourceVersionDate "2016.10.25"]
[SourceQuality "1"]

1. e4 e6 2. f4 d5 3. e5 c5 4. Nf3 Bd7 5. Be2 Qb6 6. 0-0 Bb5 7. d3 Nh6 8. a4 Ba6 9. a5 Qc7 10. Nc3 Nc6 11. Bd2 Nf5 12. g4 Nfd4 13. f5 Nxe5 14. fxe6 Ndxf3+ 15. Bxf3 fxe6 16. Qe2 Bd6 17. Bg2 0-0-0 18. g5 Rde8 19. Bh3 Kb8 20. Rae1 h6 21. g6 b6 22. axb6 axb6 23. Ra1 Kb7 24. Ra2 Rhf8 25. Rfa1 Nf3+ 26. Kh1 Nd4 27. Qg2 Ra8 28. Be3 Bxh2 29. Bxd4 cxd4 30. Nxd5 exd5 31. Qxd5+ Kb8 32. Qxa8+ Kxa8 33. Rxa6+ Kb7 34. Bg2+ Kc8 35. Ra8+ Kd7 36. Rxf8 Qg3 37. Rf7+ Kd6 38. Rxg7 Qh4 39. Rf7 Qh5 40. Rf3 Bf4+ 41. Rh3 Qxg6 42. Rf1 Be3 43. Rhf3 Qh5+ 44. Bh3 Qd5 45. Bf5 Qc6 46. c3 dxc3 47. bxc3 Bg5 48. c4 b5 49. Be4 Qc5 50. Rf5 Qe3 51. c5+ Kc7 52. Rf7+ Kd8 53. Rf8+ Ke7 54. R1f7+ Ke6 55. Bd5+ Kxd5 56. Rf5+ Kc6 57. R8f7 Qh3+ 0-1

[Event "Bunratty Masters op 23rd"]
[Site "Bunratty"]
[Date "2016.02.21"]
[Round "6"]
[White "Mulligan, Scott"]
[Black "Houston, David A"]
[Result "1/2-1/2"]
[WhiteElo "1895"]
[BlackElo "2235"]
[PlyCount "61"]
[EventDate "2016.02.19"]
[EventType "swiss"]
[EventRounds "6"]
[EventCountry "IRL"]
[SourceTitle "EXT 2017"]
[Source "ChessBase"]
[SourceDate "2016.10.25"]
[SourceVersion "1"]
[SourceVersionDate "2016.10.25"]
[SourceQuality "1"]

1. e4 e5 2. Nf3 Nc6 3. Bb5 a6 4. Ba4 Nf6 5. 0-0 b5 6. Bb3 d6 7. Re1 Be7 8. c3 0-0 9. h3 Na5 10. Bc2 c5 11. d4 Qc7 12. d5 h6 13. b3 Re8 14. Nbd2 Bf8 15. Nf1 g6 16. Ng3 Bg7 17. Be3 Kh7 18. Qe2 Bd7 19. Rec1 Nb7 20. b4 a5 21. a3 Reb8 22. Bd3 axb4 23. axb4 c4 24. Bc2 Nd8 25. Qd1 Ne8 26. Rxa8 Rxa8 27. Ra1 Qb7 28. Qc1 Ra6 29. Nd2 Qa8 30. Rxa6 Qxa6 31. Qb2 1/2-1/2

[Event "Bunratty Masters op 23rd"]
[Site "Bunratty"]
[Date "2016.02.20"]
[Round "4"]
[White "Mulligan, Scott"]
[Black "McMorrow, John"]
[Result "1/2-1/2"]
[WhiteElo "1895"]
[BlackElo "1971"]
[PlyCount "32"]
[EventDate "2016.02.19"]
[EventType "swiss"]
[EventRounds "6"]
[EventCountry "IRL"]
[SourceTitle "EXT 2017"]
[Source "ChessBase"]
[SourceDate "2016.10.25"]
[SourceVersion "1"]
[SourceVersionDate "2016.10.25"]
[SourceQuality "1"]

1. e4 e5 2. Nf3 Nc6 3. Bb5 a6 4. Ba4 Nf6 5. 0-0 b5 6. Bb3 Be7 7. Re1 0-0 8. c3 d6 9. d4 Bb7 10. h3 h6 11. Nbd2 a5 12. Nf1 Re8 13. Ng3 Nd7 14. Nh2 a4 15. Bc2 Bg5 16. Bxg5 Qxg5 1/2-1/2

[Event "Gonzaga Masters"]
[Site "Dublin"]
[Date "2016.01.22"]
[Round "1"]
[White "Mulligan, Scott"]
[Black "Plaza Reino, Agustin"]
[Result "1-0"]
[WhiteElo "1919"]
[BlackElo "1638"]
[PlyCount "77"]
[EventDate "2016.01.22"]
[EventType "swiss"]
[EventRounds "5"]
[EventCountry "IRL"]
[SourceTitle "EXT 2023"]
[Source "ChessBase"]
[SourceDate "2022.10.05"]
[SourceVersion "1"]
[SourceVersionDate "2022.10.05"]
[SourceQuality "1"]

1. e4 c5 2. Nf3 Nc6 3. Nc3 a6 4. d4 cxd4 5. Nxd4 e5 6. Nf5 d6 7. Bc4 Nf6 8. Bg5 h6 9. Bxf6 Qxf6 10. Nd5 Qd8 11. Qd2 b5 12. Bb3 Bxf5 13. exf5 Be7 14. 0-0 0-0 15. Rad1 Nd4 16. Qd3 Rc8 17. c3 Nxb3 18. axb3 Rc6 19. Qe4 Rc5 20. Ra1 a5 21. Nxe7+ Qxe7 22. Rxa5 Rb8 23. Rfa1 Qg5 24. Qd3 Qd8 25. b4 Rc4 26. Rxb5 Rxb5 27. Qxc4 Qd7 28. Ra8+ Kh7 29. Qc8 Qxc8 30. Rxc8 Rd5 31. Kf1 Rd2 32. Rc6 g6 33. fxg6+ Kxg6 34. b5 Rxb2 35. Rxd6+ Kf5 36. b6 f6 37. c4 e4 38. Rd5+ Ke6 39. Rb5 1-0

[Event "EU-ch U16 25th"]
[Site "Porec"]
[Date "2015.09.25"]
[Round "5"]
[White "Mulligan, Scott"]
[Black "Zylka, Stanislaw"]
[Result "0-1"]
[WhiteElo "1932"]
[BlackElo "2213"]
[PlyCount "100"]
[EventDate "2015.09.21"]
[EventType "swiss"]
[EventRounds "9"]
[EventCountry "CRO"]
[SourceTitle "EXT 2016"]
[Source "ChessBase"]
[SourceDate "2015.10.08"]
[SourceVersion "1"]
[SourceVersionDate "2015.10.08"]
[SourceQuality "1"]

1. e4 e5 2. Nf3 Nc6 3. Bc4 Nf6 4. d3 Be7 5. 0-0 0-0 6. Bb3 d5 7. exd5 Nxd5 8. Re1 Bg4 9. Nc3 Nf4 10. Bxf4 exf4 11. Ne4 Nd4 12. Ned2 Bf6 13. c3 Nxb3 14. Nxb3 Qd5 15. d4 Rad8 16. Nc5 g6 17. Nd3 g5 18. Nc5 Rfe8 19. Qd3 Rxe1+ 20. Rxe1 Kg7 21. Ne4 Qf5 22. h3 Bh5 23. b4 Re8 24. Nc5 Rxe1+ 25. Nxe1 Qd5 26. a4 b6 27. Ne4 Be7 28. f3 Bg6 29. Qc2 h5 30. Qe2 c6 31. Kf1 Bd8 32. Nd2 Qa2 33. Nc4 Qxa4 34. Nd6 Qb3 35. Qe5+ f6 36. Nf5+ Bxf5 37. Qxf5 Qc4+ 38. Nd3 Be7 39. Kf2 Qxc3 40. Qe4 Bxb4 41. Nxb4 Qxb4 42. Qxc6 Qxd4+ 43. Kf1 a5 44. Qb7+ Kg6 45. Qa8 Kf5 46. Qg8 a4 47. h4 gxh4 48. Qh7+ Ke6 49. Qxh5 Qc4+ 50. Kf2 Qc5+ 0-1

[Event "EU-ch U16 25th"]
[Site "Porec"]
[Date "2015.09.23"]
[Round "3"]
[White "Tokranovs, Dmitrijs"]
[Black "Mulligan, Scott"]
[Result "1-0"]
[WhiteElo "2191"]
[BlackElo "1932"]
[PlyCount "123"]
[EventDate "2015.09.21"]
[EventType "swiss"]
[EventRounds "9"]
[EventCountry "CRO"]
[SourceTitle "EXT 2016"]
[Source "ChessBase"]
[SourceDate "2015.10.08"]
[SourceVersion "1"]
[SourceVersionDate "2015.10.08"]
[SourceQuality "1"]

1. e4 e6 2. d4 d5 3. exd5 exd5 4. Nc3 Nf6 5. Bd3 Nc6 6. Nge2 Nb4 7. Bg5 c6 8. f3 h6 9. Bf4 Be6 10. Qd2 b5 11. g4 Nxd3+ 12. Qxd3 a5 13. a4 b4 14. Nd1 Bc8 15. Ng3 Ba6 16. Qd2 Ra7 17. Kf2 Re7 18. Ne3 Re6 19. Rae1 h5 20. g5 h4 21. Ngf5 Nh5 22. Ng4 Bc8 23. Ne5 Qc7 24. g6 Nxf4 25. gxf7+ Kd8 26. Qxf4 Rf6 27. Qe3 Bxf5 28. Ng6 Be4 29. Nxh8 Rxf3+ 30. Qxf3 Bxf3 31. Kxf3 Qd6 32. Re8+ Kd7 33. Rhe1 Qf6+ 34. Ke2 Bd6 35. Kd1 b3 36. cxb3 Qxd4+ 37. Kc2 Qf2+ 38. Kb1 Bb4 39. R1e2 Qf5+ 40. Ka2 d4 41. Ra8 Kc7 42. Ng6 Qxg6 43. f8Q Bxf8 44. Rxf8 Kd7 45. Rf4 Qd3 46. Rg2 g5 47. Rxg5 Qe3 48. Rg7+ Kd6 49. Rxh4 d3 50. Rh8 Kc5 51. Rd7 Qe2 52. Rhd8 Qxh2 53. Rxd3 Qc7 54. Rh8 Qf7 55. Rc3+ Kb6 56. Rh6 Qf4 57. Rhxc6+ Kb7 58. R6c5 Kb6 59. Rb5+ Ka6 60. Rc6+ Ka7 61. Rxa5+ Kb7 62. Rc4 1-0

[Event "Dublin Masters"]
[Site "Dublin"]
[Date "2015.09.12"]
[Round "2"]
[White "Mulligan, Scott"]
[Black "Boland, Dylan"]
[Result "1-0"]
[WhiteElo "1932"]
[BlackElo "1766"]
[PlyCount "55"]
[EventDate "2015.09.11"]
[EventType "swiss"]
[EventRounds "5"]
[EventCountry "IRL"]
[SourceTitle "EXT 2023"]
[Source "ChessBase"]
[SourceDate "2022.10.05"]
[SourceVersion "1"]
[SourceVersionDate "2022.10.05"]
[SourceQuality "1"]

1. e4 c5 2. Nf3 d6 3. Nc3 Nc6 4. d4 cxd4 5. Nxd4 g6 6. Be3 Bg7 7. Qd2 Nf6 8. f3 0-0 9. g4 Nxd4 10. Bxd4 Qa5 11. h4 h5 12. g5 Nd7 13. Bxg7 Kxg7 14. f4 Re8 15. Qd4+ Kg8 16. Bc4 Nf8 17. 0-0-0 Bg4 18. Rdg1 Qc5 19. Qxc5 dxc5 20. Nd5 Rac8 21. Rxg4 hxg4 22. Bb5 Kg7 23. f5 Red8 24. Nxe7 Rc7 25. f6+ Kh8 26. h5 gxh5 27. Rxh5+ Nh7 28. g6 1-0

[Event "IRL-ch"]
[Site "Dublin"]
[Date "2015.07.09"]
[Round "6"]
[White "O'Gorman, Tom"]
[Black "Mulligan, Scott"]
[Result "1/2-1/2"]
[WhiteElo "1859"]
[BlackElo "1957"]
[PlyCount "95"]
[EventDate "2015.07.04"]
[EventType "swiss"]
[EventRounds "9"]
[EventCountry "IRL"]
[SourceTitle "CBM 167 Extra"]
[Source "ChessBase"]
[SourceDate "2015.09.14"]
[SourceVersion "1"]
[SourceVersionDate "2015.09.14"]
[SourceQuality "1"]

1. d4 Nf6 2. c4 e6 3. Nf3 b6 4. e3 Bb4+ 5. Bd2 Qe7 6. Bd3 Bb7 7. a3 Bxd2+ 8. Nbxd2 d5 9. cxd5 exd5 10. Nf1 0-0 11. Ng3 Ne4 12. Qc2 f5 13. Ne5 c5 14. 0-0 Qd6 15. Nxf5 Rxf5 16. f3 cxd4 17. exd4 Rxe5 18. dxe5 Qc5+ 19. Kh1 Qxc2 20. Bxc2 Nc5 21. b4 Ne6 22. Rad1 a5 23. Bb3 axb4 24. axb4 Nc7 25. f4 Kf8 26. g4 Nba6 27. Rd4 Nb5 28. Bxd5 Nxd4 29. Bxb7 Ra7 30. Bxa6 Rxa6 31. Rd1 Ne6 32. f5 Ng5 33. Rd8+ Ke7 34. Rb8 Nf3 35. Rb7+ Kd8 36. Kg2 Nxe5 37. Rxg7 Ra4 38. h3 Rxb4 39. Rxh7 Nxg4 40. hxg4 Rxg4+ 41. Kf3 Rb4 42. f6 Ke8 43. Re7+ Kf8 44. Rb7 Ke8 45. f7+ Kf8 46. Ke3 Rb1 47. Ke4 Rf1 48. Rxb6 1/2-1/2